000 00646nam a2200229 a 4500
005 20180803165042.0
008 140307b1982 ve ||||| |||| 00| 0 spa d
041 _aspa
044 _ave
090 _aLB
_b02727
100 _aSteyermark, Julian A.
_910309
245 _aPiperaceae
260 _aCaracas
_bInstituto Nacional de Parques. Dirección de Investigaciones Biológicas
_c1982
300 _a619 p.
650 _aFlora
_917953
650 _aPlantas
_917954
650 _aTaxonomía vegetal
_992262
650 _aClaves taxonómicas
_93514
650 _aIdentificación de especies
_94726
662 _aVenezuela
942 _cImpreso
_2z
999 _c2956
_d2956